| 000 | 00861nam a2200265 a 4500 | ||
|---|---|---|---|
| 001 | BRCA_1429 | ||
| 005 | 20190320203426.0 | ||
| 008 | 931217s1988 mx-#---###---#000-0#spa-d | ||
| 020 | _a9687108207 | ||
| 041 | _aspa | ||
| 050 | 4 |
_aF1226 _b.V59 1988 |
|
| 100 | 1 |
_aVizcaino, Antonio _94677 |
|
| 245 | 1 | 0 |
_aMéxico _bgenio que perdura _cVizcaino Antonio ; textos de Carmen Aguilera y Porfirio Martínez Pelañoza. |
| 260 |
_aMéxico _bNafinsa _c1988 |
||
| 300 |
_axliv, 105 p. _bil. a color _c30 cm. |
||
| 500 | _aIncluye índice de ilustraciones | ||
| 504 | _aBibliografía : p. xxxvii | ||
| 650 | 1 | 4 |
_aÍndigenas de México _94678 |
| 651 | 4 |
_aMéxico _xHistoria _9614 |
|
| 651 | 4 |
_aMéxico _xVida social y costumbres _9769 |
|
| 653 | 0 | _aVida cotidiana | |
| 700 | 1 |
_aAguilera, Carmen _94679 |
|
| 700 | 1 |
_aMartínez Peñaloza, Porfirio _91788 |
|
| 942 |
_2lcc _cB |
||
| 999 |
_c1291 _d1291 |
||